[Event "FICGS class G 000014 email"]
[Site "FICGS email"]
[Date "2007.04.27"]
[Round "1"]
[White "Barradas, Anderson"]
[Black "Lafleur, Olivier"]
[Result "1-0"]
[WhiteElo "1149"]
[BlackElo "1121"]
[PlyCount "29"]
[EventDate "2007.??.??"]
[EventType "tourn (corr)"]
[EventRounds "4"]
[SourceTitle "Corr 2022"]
[Source "ChessBase"]
[SourceDate "2021.10.24"]
[SourceVersion "1"]
[SourceVersionDate "2021.10.24"]
[SourceQuality "1"]

1. Nf3 d5 2. g3 Nf6 3. Bg2 Nc6 4. 0-0 e5 5. d3 Bc5 6. Bg5 Bg4 7. h3 Bxf3 8. Bxf3 0-0 9. Nc3 h6 10. Bxf6 gxf6 11. Bxd5 Bb4 12. e3 Bxc3 13. Qg4+ Kh7 14. Be4+ Kh8 15. Qf5 1-0

[Event "FICGS class G 000014 email"]
[Site "FICGS email"]
[Date "2007.04.27"]
[Round "1"]
[White "Gering, Adrien"]
[Black "Lafleur, Olivier"]
[Result "1-0"]
[WhiteElo "1099"]
[BlackElo "1121"]
[PlyCount "61"]
[EventDate "2007.??.??"]
[EventType "tourn (corr)"]
[EventRounds "4"]
[SourceTitle "Corr 2022"]
[Source "ChessBase"]
[SourceDate "2021.10.24"]
[SourceVersion "1"]
[SourceVersionDate "2021.10.24"]
[SourceQuality "1"]

1. e4 e5 2. Nf3 Nc6 3. Bc4 d6 4. Nc3 Nf6 5. d3 Bg4 6. Bg5 Nd4 7. h3 Bxf3 8. gxf3 Nxf3+ 9. Qxf3 h6 10. Bxf6 Qxf6 11. Qxf6 gxf6 12. Nd5 0-0-0 13. Nxf6 Be7 14. Nd5 Bh4 15. 0-0-0 Rhg8 16. Rhg1 Bxf2 17. Rxg8 Rxg8 18. Ne7+ Kd8 19. Nxg8 Be3+ 20. Kb1 Ke8 21. Rf1 Kf8 22. Rxf7+ Kxg8 23. Rf3+ Kg7 24. Rxe3 Kg6 25. Rg3+ Kh5 26. Rg4 c6 27. Rg7 Kh4 28. Be6 b5 29. Rxa7 Kg5 30. Rd7 Kf6 31. Rxd6 1-0

[Event "FICGS class G 000014 email"]
[Site "FICGS email"]
[Date "2007.04.27"]
[Round "1"]
[White "Lafleur, Olivier"]
[Black "Litzenburger, Xavier"]
[Result "1/2-1/2"]
[WhiteElo "1121"]
[BlackElo "1200"]
[PlyCount "40"]
[EventDate "2007.??.??"]
[EventType "tourn (corr)"]
[EventRounds "4"]
[SourceTitle "Corr 2022"]
[Source "ChessBase"]
[SourceDate "2021.10.24"]
[SourceVersion "1"]
[SourceVersionDate "2021.10.24"]
[SourceQuality "1"]

1. e4 e5 2. Nf3 Nc6 3. Nc3 d6 4. Bb5 Nf6 5. d4 a6 6. Bxc6+ bxc6 7. 0-0 d5 8. exd5 cxd5 9. dxe5 Nh5 10. Re1 Bc5 11. Nxd5 0-0 12. Be3 Bxe3 13. Nxe3 Re8 14. Qd2 Bb7 15. Rad1 Qc8 16. h3 Rd8 17. Qxd8+ Qxd8 18. Rxd8+ Rxd8 19. Rd1 Re8 20. Nd5 c6 1/2-1/2